00632nam a2200193 a 450000100100000000500170001000800410002702000150006804000250008308200160010810000280012424500460015225000130019826000420021130000280025359000260028195201140030799900170042100004798820201002060840.0181010s1998 dr a 000 0 spa d a8492311347 aDO-SdBNPbspacBNPHU axxxxbM314L1 aOzuna, Marcelino92465710aLeonel :bsu historia /cMarcelino Ozuna. a3ra. ed. aSanto Domingo :bAlfa & Omega,c1998. a173 p. :bil. ;c21 cm. aInventariado, 2018/BT 0010718PDaPDbPDcHDd2018-10-10iLF1l0oxxxx M314Lp47988-10r2020-06-25w2020-06-25yLFPDZNo se presta c47476d47476